000 00493nam a2200181Ia 4500
001 22252
005 20260414150819.0
008 260414t2012||||xx |||||||||||||| ||spa||
041 _aESP
082 _a621.3
_bF41
100 _aFernández Fernández, José Luis
_eAUT
245 0 _aGuía para la resolución de problemas de electromagnetismo :
_bproblemas resueltos
260 _c2012
300 _a465 páginas :
_c24 cm.
650 _aTCA
654 _aCET
942 _cLIB
_dJUS
_fJUS
_2ddc
_n
999 _c22252
_d22252